Langues officielles par pays d'Amérique du Nord - Statistiques

Statistiques générales
  • Ce quiz a été pris 267 fois
  • Le résultat moyen est 21 sur 23
Statistiques - réponses
Pays Langue % Correct
Canada Anglais / Français
99%
Etats-Unis * Anglais
98%
Costa Rica Espagnol
98%
Cuba Espagnol
97%
Mexique * Espagnol
96%
Antigua-et-Barbuda Anglais
95%
Bahamas Anglais
95%
Barbade Anglais
95%
Honduras Espagnol
95%
Dominique Anglais
94%
Panama Espagnol
94%
Belize Anglais
93%
Grenade Anglais
93%
Jamaïque Anglais
93%
Guatemala Espagnol
93%
Nicaragua Espagnol
93%
République dominicaine Espagnol
91%
Saint-Christophe-et-Niévès Anglais
90%
Saint-Vincent-et-les-Grenadines Anglais
90%
Haïti Créole haïtien / Français
90%
Salvador Espagnol
90%
Sainte-Lucie Anglais
89%
Trinité-et-Tobago Anglais
85%
Aucun quiz correspondant
Distribution des résultats
% des personnes avec chaque résultat
Percentile par nombre de réponses
Votre historique - résultats
Vous n’avez pas pris ce quiz